[Event "Hastings Masters"]
[Site "Horntye, Hastings"]
[Date "2017.12.29"]
[Round "2.17"]
[White "Britton, Richard L"]
[Black "Sugden, John N"]
[Result "1-0"]
[BlackElo "2059"]
[WhiteElo "2239"]
[LiveChessVersion "1.4.8"]

1. e4 {[%clk 1:40:55]} c6 {[%clk 1:40:33]} 2. d3 {[%clk 1:40:46]} d5
{[%clk 1:40:34]} 3. Nd2 {[%clk 1:41:07]} e5 {[%clk 1:39:58]} 4. Ngf3
{[%clk 1:41:30]} Bd6 {[%clk 1:38:53]} 5. g3 {[%clk 1:41:54]} Nf6 {[%clk 1:28:07]}
6. Bg2 {[%clk 1:41:32]} O-O {[%clk 1:24:23]} 7. O-O {[%clk 1:41:56]} Re8
{[%clk 1:18:07]} 8. b3 {[%clk 1:34:31]} Bg4 {[%clk 1:08:02]} 9. h3
{[%clk 1:31:24]} Bxf3 {[%clk 1:08:18]} 10. Qxf3 {[%clk 1:28:58]} Nbd7
{[%clk 1:07:26]} 11. Qe2 {[%clk 1:26:19]} Nf8 {[%clk 0:58:08]} 12. Bb2
{[%clk 1:20:29]} Qe7 {[%clk 0:56:50]} 13. a3 {[%clk 1:15:12]} Rad8
{[%clk 0:55:30]} 14. c3 {[%clk 1:08:38]} Ne6 {[%clk 0:51:12]} 15. b4
{[%clk 1:08:43]} Bc7 {[%clk 0:49:03]} 16. Nf3 {[%clk 0:58:40]} dxe4
{[%clk 0:45:04]} 17. dxe4 {[%clk 0:59:05]} h6 {[%clk 0:44:45]} 18. h4
{[%clk 0:48:13]} Nd7 {[%clk 0:35:07]} 19. Rad1 {[%clk 0:39:21]} a5
{[%clk 0:34:00]} 20. Nh2 {[%clk 0:38:49]} Nb6 {[%clk 0:32:34]} 21. Bc1
{[%clk 0:37:43]} Na4 {[%clk 0:29:17]} 22. Qc2 {[%clk 0:25:04]} b5
{[%clk 0:29:05]} 23. Ng4 {[%clk 0:25:12]} h5 {[%clk 0:24:01]} 24. Ne3
{[%clk 0:25:33]} g6 {[%clk 0:24:11]} 25. Bf3 {[%clk 0:25:30]} axb4
{[%clk 0:22:47]} 26. axb4 {[%clk 0:25:53]} Rxd1 {[%clk 0:22:55]} 27. Rxd1
{[%clk 0:23:49]} Rd8 {[%clk 0:20:37]} 28. Re1 {[%clk 0:23:48]} Bb6
{[%clk 0:19:12]} 29. Be2 {[%clk 0:23:20]} Ng7 {[%clk 0:16:21]} 30. Kg2
{[%clk 0:22:53]} Qd6 {[%clk 0:15:56]} 31. Nc4 {[%clk 0:14:50]} Qe6 32. Bg5
{[%clk 0:12:45]} f6 {[%clk 0:12:22]} 33. Bc1 {[%clk 0:13:07]} Ba7
{[%clk 0:10:44]} 34. Na3 {[%clk 0:12:24]} Qe7 {[%clk 0:06:56]} 35. Qb3+
{[%clk 0:08:05]} Qe6 {[%clk 0:06:47]} 36. c4 {[%clk 0:07:01]} Bd4
{[%clk 0:06:38]} 37. Qc2 {[%clk 0:06:24]} Nc3 {[%clk 0:03:26]} 38. cxb5
{[%clk 0:06:43]} cxb5 {[%clk 0:03:30]} 39. Nxb5 {[%clk 0:05:31]} Nxe2
{[%clk 0:02:00]} 40. Qxe2 {[%clk 0:04:51]} Bb6 {[%clk 0:01:53]} 41. Rd1
{[%clk 0:03:10]} Rxd1 {[%clk 0:46:01]} 42. Qxd1 {[%clk 0:53:18]} Bxf2
{[%clk 0:44:58]} 43. Qd8+ {[%clk 0:52:46]} Kh7 {[%clk 0:45:14]} 44. Qd5
{[%clk 0:41:38]} Be1 {[%clk 0:38:35]} 45. Qxe6 {[%clk 0:30:46]} Nxe6
{[%clk 0:38:49]} 46. Ba3 {[%clk 0:31:07]} Nd4 {[%clk 0:30:40]} 47. Nxd4
{[%clk 0:31:27]} exd4 {[%clk 0:31:04]} 48. b5 {[%clk 0:31:42]} d3
{[%clk 0:29:14]} 49. Kf3 {[%clk 0:19:48]} Bxg3 {[%clk 0:28:20]} 50. Be7
{[%clk 0:17:21]} Kg7 {[%clk 0:22:53]} 51. b6 {[%clk 0:17:38]} Kf7
{[%clk 0:21:37]} 52. Bd8 {[%clk 0:17:53]} Ke6 {[%clk 0:20:36]} 53. b7
{[%clk 0:10:47]} Be5 {[%clk 0:18:34]} 54. Ke3 {[%clk 0:11:04]} f5
{[%clk 0:10:04]} 55. Kxd3 {[%clk 0:11:29]} Bb8 {[%clk 0:06:31]} 56. Bb6
{[%clk 0:08:29]} fxe4+ {[%clk 0:03:19]} 57. Kxe4 {[%clk 0:08:52]} Kf6
{[%clk 0:02:53]} 58. Be3 {[%clk 0:09:12]} Ke6 {[%clk 0:02:49]} 59. Bf4
{[%clk 0:08:34]} 1-0

[Event "Hastings Masters"]
[Site "Horntye, Hastings"]
[Date "2017.12.29"]
[Round "2.18"]
[White "Willson, Ollie"]
[Black "Buchenau, Frank"]
[Result "0-1"]
[BlackElo "2236"]
[WhiteElo "2057"]
[LiveChessVersion "1.4.8"]

1. d4 {[%clk 1:40:57]} e6 {[%clk 1:40:43]} 2. g3 {[%clk 1:41:21]} c5
{[%clk 1:40:44]} 3. Bg2 {[%clk 1:41:15]} cxd4 {[%clk 1:40:50]} 4. Nf3
{[%clk 1:40:51]} e5 {[%clk 1:40:07]} 5. O-O {[%clk 1:40:57]} Nc6 {[%clk 1:39:57]}
6. e3 {[%clk 1:39:08]} dxe3 {[%clk 1:39:10]} 7. Bxe3 {[%clk 1:38:33]} d5
{[%clk 1:38:30]} 8. Re1 {[%clk 1:31:22]} Be7 {[%clk 1:37:11]} 9. Nxe5
{[%clk 0:45:36]} Nxe5 {[%clk 1:33:42]} 10. Bd4 {[%clk 0:45:34]} f6
{[%clk 1:32:10]} 11. Nc3 {[%clk 0:36:19]} Bg4 {[%clk 1:29:26]} 12. f3
{[%clk 0:36:10]} Bh5 {[%clk 1:29:22]} 13. g4 {[%clk 0:14:51]} Bf7
{[%clk 1:25:24]} 14. f4 {[%clk 0:06:59]} Nc6 {[%clk 1:24:15]} 15. Bf2
{[%clk 0:05:32]} d4 {[%clk 1:18:10]} 16. Nb5 {[%clk 0:04:15]} Nh6
{[%clk 1:12:29]} 17. Qe2 {[%clk 0:03:06]} O-O {[%clk 1:12:09]} 18. Bxc6
{[%clk 0:02:01]} bxc6 {[%clk 1:12:32]} 19. Nxd4 {[%clk 0:01:33]} Bc5
{[%clk 1:11:01]} 20. Nxc6 {[%clk 0:00:45]} Bxf2+ {[%clk 1:11:20]} 21. Qxf2
{[%clk 0:01:10]} Qd7 {[%clk 1:10:37]} 22. Ne7+ {[%clk 0:00:38]} Kh8
{[%clk 1:11:00]} 23. f5 {[%clk 0:00:43]} Nxg4 {[%clk 1:10:55]} 24. Qh4
{[%clk 0:00:33]} Qd4+ {[%clk 1:11:01]} 0-1

[Event "Hastings Masters"]
[Site "Horntye, Hastings"]
[Date "2017.12.29"]
[Round "2.19"]
[White "Wall, Tim P"]
[Black "August, Daniel"]
[Result "1-0"]
[BlackElo "2056"]
[WhiteElo "2236"]
[LiveChessVersion "1.4.8"]

1. d4 {[%clk 1:39:54]} Nf6 {[%clk 1:40:26]} 2. Bg5 {[%clk 1:35:29]} Ne4
{[%clk 1:39:43]} 3. Bf4 {[%clk 1:35:38]} d5 {[%clk 1:39:47]} 4. e3
{[%clk 1:35:14]} c6 {[%clk 1:39:09]} 5. Bd3 {[%clk 1:19:56]} Qb6 {[%clk 1:34:50]}
6. Qc1 {[%clk 1:18:22]} Nd7 {[%clk 1:33:49]} 7. Nf3 {[%clk 1:16:32]} Ndf6
{[%clk 1:31:50]} 8. O-O {[%clk 1:16:45]} Bf5 {[%clk 1:27:23]} 9. h3
{[%clk 1:09:07]} h6 {[%clk 1:24:56]} 10. a4 {[%clk 1:04:42]} e6 {[%clk 1:19:32]}
11. a5 {[%clk 0:58:17]} Qd8 {[%clk 1:19:55]} 12. a6 {[%clk 0:42:20]} b6
{[%clk 1:19:33]} 13. Ne5 {[%clk 0:42:39]} Rc8 {[%clk 1:19:08]} 14. Qd1
{[%clk 0:42:43]} Nd7 {[%clk 1:12:36]} 15. Nd2 {[%clk 0:39:50]} Nxd2
{[%clk 1:10:09]} 16. Qxd2 {[%clk 0:39:11]} Bxd3 {[%clk 1:08:54]} 17. Qxd3
{[%clk 0:29:19]} Be7 {[%clk 1:05:03]} 18. e4 {[%clk 0:23:32]} Nf6
{[%clk 0:57:01]} 19. exd5 {[%clk 0:22:14]} Nxd5 {[%clk 0:57:03]} 20. Bd2
{[%clk 0:19:05]} O-O {[%clk 0:56:18]} 21. Qg3 {[%clk 0:19:02]} Bg5
{[%clk 0:53:40]} 22. f4 {[%clk 0:16:00]} Bh4 {[%clk 0:51:50]} 23. Qf3
{[%clk 0:15:08]} c5 {[%clk 0:45:33]} 24. dxc5 {[%clk 0:14:03]} Rxc5
{[%clk 0:45:43]} 25. c4 {[%clk 0:12:19]} Ne7 {[%clk 0:45:12]} 26. Be3
{[%clk 0:11:12]} Rc7 {[%clk 0:44:08]} 27. Rfd1 {[%clk 0:07:39]} Qc8
{[%clk 0:44:07]} 28. b3 {[%clk 0:07:45]} Bf6 {[%clk 0:41:29]} 29. Bd4
{[%clk 0:05:39]} Rd8 {[%clk 0:40:29]} 30. Bb2 {[%clk 0:04:41]} Nf5
{[%clk 0:35:50]} 31. g4 {[%clk 0:03:16]} Nh4 {[%clk 0:35:43]} 32. Rxd8+
{[%clk 0:02:12]} Qxd8 {[%clk 0:35:41]} 33. Qe2 {[%clk 0:02:04]} Qa8
{[%clk 0:34:25]} 34. Rf1 {[%clk 0:01:50]} Be7 {[%clk 0:32:10]} 35. Kh2
{[%clk 0:01:45]} Rc8 {[%clk 0:31:54]} 36. Bc3 {[%clk 0:01:15]} Rd8
{[%clk 0:32:10]} 37. Be1 {[%clk 0:01:25]} Rd4 {[%clk 0:31:01]} 38. Bxh4
{[%clk 0:01:13]} Bxh4 {[%clk 0:31:15]} 39. Nf3 {[%clk 0:00:44]} Re4
{[%clk 0:31:33]} 40. Qg2 {[%clk 0:00:33]} Be7 {[%clk 0:31:20]} 41. Nd2
{[%clk 0:00:34]} f5 {[%clk 0:31:45]} 42. Nxe4 {[%clk 0:49:39]} fxe4
{[%clk 1:22:09]} 43. Re1 Qb8 44. Qxe4 {[%clk 0:49:14]} Bd6 {[%clk 1:21:19]} 45.
Qxe6+ {[%clk 0:49:20]} Kh7 {[%clk 1:21:08]} 46. Qe4+ {[%clk 0:49:27]} 1-0

[Event "Hastings Masters"]
[Site "Horntye, Hastings"]
[Date "2017.12.29"]
[Round "2.20"]
[White "Royset, Pal"]
[Black "Ahluwalia, Amardip"]
[Result "1-0"]
[BlackElo "2004"]
[WhiteElo "2208"]
[LiveChessVersion "1.4.8"]

1. d4 {[%clk 1:36:29]} Nf6 {[%clk 1:39:35]} 2. Bg5 {[%clk 1:36:48]} e6
{[%clk 1:38:41]} 3. e4 {[%clk 1:36:29]} h6 {[%clk 1:38:13]} 4. Bxf6
{[%clk 1:36:46]} Qxf6 {[%clk 1:38:34]} 5. c3 {[%clk 1:37:01]} d6 {[%clk 1:36:10]}
6. Bd3 {[%clk 1:35:57]} c5 {[%clk 1:27:24]} 7. Ne2 {[%clk 1:33:43]} Nc6
{[%clk 1:24:34]} 8. O-O {[%clk 1:29:45]} Bd7 {[%clk 1:22:28]} 9. Na3
{[%clk 1:25:26]} Qd8 {[%clk 1:14:47]} 10. Nc4 {[%clk 1:21:13]} Be7
{[%clk 1:09:05]} 11. dxc5 {[%clk 1:15:32]} dxc5 {[%clk 1:07:58]} 12. a4
{[%clk 1:14:58]} Qc7 {[%clk 1:06:08]} 13. f4 {[%clk 1:14:12]} O-O-O
{[%clk 1:01:27]} 14. Ng3 {[%clk 1:06:29]} g5 {[%clk 0:53:25]} 15. Qf3
{[%clk 0:57:04]} Rdf8 {[%clk 0:49:13]} 16. Bc2 {[%clk 0:49:15]} f5
{[%clk 0:45:18]} 17. exf5 {[%clk 0:46:08]} exf5 {[%clk 0:45:29]} 18. Qd5
{[%clk 0:43:58]} gxf4 {[%clk 0:35:30]} 19. Nxf5 {[%clk 0:43:58]} Bxf5
{[%clk 0:35:51]} 20. Bxf5+ {[%clk 0:44:21]} Kb8 {[%clk 0:36:12]} 21. Be4
{[%clk 0:41:27]} h5 {[%clk 0:27:38]} 22. Rad1 {[%clk 0:39:37]} Rd8
{[%clk 0:24:50]} 23. Qe6 {[%clk 0:37:25]} Rxd1 {[%clk 0:22:57]} 24. Rxd1
{[%clk 0:37:48]} Rd8 {[%clk 0:23:17]} 25. Rxd8+ {[%clk 0:35:03]} Nxd8
{[%clk 0:23:30]} 26. Qf5 {[%clk 0:29:28]} h4 {[%clk 0:20:33]} 27. a5
{[%clk 0:28:40]} a6 {[%clk 0:18:41]} 28. Nb6 {[%clk 0:25:56]} c4 {[%clk 0:18:01]}
29. Kh1 {[%clk 0:23:33]} Bd6 {[%clk 0:15:37]} 30. h3 {[%clk 0:22:05]} Nc6
{[%clk 0:13:05]} 31. Qe6 {[%clk 0:18:04]} Nd8 {[%clk 0:12:30]} 32. Qxc4
{[%clk 0:17:09]} Qxc4 {[%clk 0:12:52]} 33. Nxc4 {[%clk 0:17:34]} Be7
{[%clk 0:12:28]} 34. Bd5 {[%clk 0:15:21]} Kc7 {[%clk 0:11:31]} 35. Kg1
{[%clk 0:15:15]} Bf6 {[%clk 0:09:51]} 36. Kf2 {[%clk 0:13:17]} Nc6
{[%clk 0:10:11]} 37. Bxc6 {[%clk 0:12:18]} Kxc6 {[%clk 0:10:25]} 38. Ke2
{[%clk 0:11:44]} Kc5 {[%clk 0:07:57]} 39. Kd3 {[%clk 0:11:58]} Bd8
{[%clk 0:06:04]} 40. b4+ {[%clk 0:09:59]} Kd5 {[%clk 0:06:09]} 41. Nd2
{[%clk 0:09:53]} b6 {[%clk 0:04:44]} 42. c4+ {[%clk 0:09:46]} Kc6
{[%clk 0:05:06]} 43. axb6 {[%clk 0:09:34]} Bxb6 {[%clk 0:05:28]} 44. Nb3
{[%clk 0:09:36]} Bd8 {[%clk 0:05:22]} 45. Ke4 {[%clk 0:09:55]} Be7
{[%clk 0:05:38]} 46. Nd4+ {[%clk 0:08:58]} Kb6 {[%clk 0:05:15]} 47. c5+
{[%clk 0:08:18]} Bxc5 {[%clk 0:05:33]} 48. bxc5+ {[%clk 0:08:43]} Kxc5
{[%clk 0:05:57]} 49. Ke5 {[%clk 0:06:09]} Kc4 {[%clk 0:05:49]} 50. Nc6
{[%clk 0:05:11]} Kc5 {[%clk 0:06:00]} 51. Nd8 {[%clk 0:05:02]} Kb6
{[%clk 0:06:06]} 52. Kd4 {[%clk 0:04:51]} a5 {[%clk 0:06:29]} 53. Kc4
{[%clk 0:05:11]} f3 {[%clk 0:06:03]} 54. gxf3 {[%clk 0:05:33]} a4
{[%clk 0:06:17]} 55. Kb4 {[%clk 0:02:58]} a3 {[%clk 0:06:33]} 56. Kxa3
{[%clk 0:03:24]} Kc5 {[%clk 0:06:55]} 57. Ne6+ {[%clk 0:01:23]} Kd5
{[%clk 0:07:07]} 58. Nf4+ {[%clk 0:01:22]} Ke5 {[%clk 0:07:33]} 59. Ne2
{[%clk 0:01:29]} 1-0

[Event "Hastings Masters"]
[Site "Horntye, Hastings"]
[Date "2017.12.29"]
[Round "2.21"]
[White "Munshi, Aditya"]
[Black "Graham, David B"]
[Result "1/2-1/2"]
[BlackElo "2204"]
[WhiteElo "2001"]
[LiveChessVersion "1.4.8"]

1. e4 {[%clk 1:40:57]} c5 {[%clk 1:40:57]} 2. Nf3 {[%clk 1:41:19]} d6
{[%clk 1:41:24]} 3. d4 {[%clk 1:41:45]} cxd4 {[%clk 1:41:47]} 4. Nxd4
{[%clk 1:42:09]} Nf6 {[%clk 1:42:14]} 5. Nc3 {[%clk 1:42:32]} g6 {[%clk 1:42:38]}
6. Be3 {[%clk 1:42:44]} Bg7 {[%clk 1:43:02]} 7. f3 {[%clk 1:43:07]} O-O
{[%clk 1:43:06]} 8. Qd2 {[%clk 1:43:27]} Nc6 {[%clk 1:43:31]} 9. O-O-O
{[%clk 1:43:39]} d5 {[%clk 1:42:27]} 10. Qe1 {[%clk 1:43:48]} e5 {[%clk 1:41:07]}
11. Nxc6 {[%clk 1:43:47]} bxc6 {[%clk 1:41:30]} 12. exd5 {[%clk 1:44:06]} Nxd5
{[%clk 1:41:19]} 13. Bc4 {[%clk 1:43:55]} Be6 {[%clk 1:41:08]} 14. Kb1
{[%clk 1:43:32]} Qc7 {[%clk 1:11:43]} 15. Nxd5 {[%clk 1:27:39]} cxd5
{[%clk 1:12:02]} 16. Bxd5 {[%clk 1:27:00]} Rac8 {[%clk 1:01:23]} 17. c3
{[%clk 1:08:09]} Bxd5 {[%clk 0:53:52]} 18. Rxd5 {[%clk 1:08:28]} Qb7
{[%clk 0:54:07]} 19. Qd2 {[%clk 0:44:50]} Rxc3 20. Bc5 {[%clk 0:22:58]} Rxc5
{[%clk 0:30:37]} 21. Rxc5 {[%clk 0:23:27]} Rb8 {[%clk 0:22:29]} 22. Rc3
{[%clk 0:19:02]} Qa6 {[%clk 0:19:04]} 23. Rd3 {[%clk 0:16:12]} h5
{[%clk 0:14:11]} 24. Rd8+ Rxd8 {[%clk 0:12:47]} 25. Qxd8+ {[%clk 0:15:53]} Kh7
{[%clk 0:13:08]} 26. Rd1 {[%clk 0:11:12]} e4 {[%clk 0:10:35]} 27. fxe4
{[%clk 0:09:43]} Qe2 {[%clk 0:10:59]} 28. Qd2 {[%clk 0:09:23]} Qxe4+
{[%clk 0:11:23]} 29. Qc2 {[%clk 0:09:48]} Qe5 {[%clk 0:08:13]} 30. h3
{[%clk 0:09:22]} a5 {[%clk 0:06:55]} 31. a3 {[%clk 0:08:47]} Qb5 {[%clk 0:06:38]}
32. Ka2 {[%clk 0:06:10]} Kh6 {[%clk 0:04:53]} 33. Qd2+ {[%clk 0:04:39]} Kh7
{[%clk 0:05:17]} 34. Qc2 {[%clk 0:04:33]} Kg8 {[%clk 0:05:07]} 35. Qc8+
{[%clk 0:04:16]} Kh7 {[%clk 0:05:32]} 36. Qc2 {[%clk 0:04:40]} Kg8
{[%clk 0:05:44]} 37. Re1 {[%clk 0:03:21]} Kh7 {[%clk 0:05:08]} 38. Qb3
{[%clk 0:03:03]} Qf5 {[%clk 0:05:08]} 39. Qc4 {[%clk 0:00:55]} Qf2
{[%clk 0:01:33]} 40. Re2 {[%clk 0:00:44]} Qf1 {[%clk 0:01:31]} 41. Rc2
{[%clk 0:47:52]} Qf5 42. Re2 {[%clk 0:35:32]} Qf1 {[%clk 0:48:13]} 43. Qc2
{[%clk 0:30:01]} Kg8 {[%clk 0:44:23]} 44. Re8+ Kh7 {[%clk 0:41:41]} 45. Ra8
{[%clk 0:22:32]} Qb5 {[%clk 0:41:01]} 46. Ra7 {[%clk 0:14:19]} Qd5+
{[%clk 0:40:58]} 47. Qb3 {[%clk 0:08:37]} Qxg2 {[%clk 0:38:59]} 48. Rxf7
{[%clk 0:06:17]} Qe4 {[%clk 0:37:44]} 49. Ra7 Qe5 {[%clk 0:35:20]} 50. Rb7
{[%clk 0:02:31]} Kh6 {[%clk 0:31:40]} 51. Rb5 Qc7 52. Qa4 {[%clk 0:00:36]} Qh2
{[%clk 0:32:02]} 53. Rb3 {[%clk 0:00:38]} Qd2 {[%clk 0:31:43]} 54. Rb5
{[%clk 0:00:35]} Qh2 {[%clk 0:32:07]} 55. Qxa5 {[%clk 0:00:48]} Qxh3
{[%clk 0:32:39]} 56. Qd2+ Kh7 57. a4 {[%clk 0:00:33]} Qe6+ {[%clk 0:29:19]} 58.
Qd5 {[%clk 0:00:39]} Qg4 {[%clk 0:28:50]} 59. Qb3 1/2-1/2

[Event "Hastings Masters"]
[Site "Horntye, Hastings"]
[Date "2017.12.29"]
[Round "2.23"]
[White "Eames, Robert S"]
[Black "Forster, Matthew"]
[Result "1-0"]
[BlackElo "1979"]
[WhiteElo "2159"]
[LiveChessVersion "1.4.8"]

1. Nf3 {[%clk 1:40:13]} c5 {[%clk 1:40:37]} 2. c4 {[%clk 1:40:17]} g6
{[%clk 1:40:49]} 3. e4 {[%clk 1:39:11]} Nc6 {[%clk 1:41:01]} 4. d4
{[%clk 1:39:31]} cxd4 {[%clk 1:41:30]} 5. Nxd4 {[%clk 1:39:54]} Bg7
{[%clk 1:41:46]} 6. Be3 {[%clk 1:39:11]} Nf6 {[%clk 1:41:19]} 7. Nc3
{[%clk 1:39:13]} O-O {[%clk 1:41:23]} 8. Be2 {[%clk 1:38:52]} b6 {[%clk 1:40:57]}
9. O-O {[%clk 1:37:40]} Bb7 {[%clk 1:39:34]} 10. f3 {[%clk 1:37:11]} Ne8
{[%clk 1:35:37]} 11. Qd2 {[%clk 1:36:31]} e6 {[%clk 1:33:11]} 12. Rfd1
{[%clk 1:36:18]} Qe7 {[%clk 1:26:42]} 13. Rac1 {[%clk 1:33:31]} f5
{[%clk 1:25:25]} 14. exf5 {[%clk 1:27:27]} gxf5 {[%clk 1:21:28]} 15. Ndb5
{[%clk 1:26:46]} Rd8 {[%clk 1:15:13]} 16. a3 {[%clk 1:11:21]} Kh8
{[%clk 1:08:03]} 17. b4 {[%clk 1:05:28]} d6 {[%clk 1:03:44]} 18. Bf1
{[%clk 0:49:44]} Rg8 {[%clk 1:00:07]} 19. Kh1 {[%clk 0:42:50]} Bf6
{[%clk 0:49:09]} 20. Qf2 {[%clk 0:37:07]} Ne5 {[%clk 0:33:30]} 21. Nxa7
{[%clk 0:30:30]} Bh4 {[%clk 0:32:53]} 22. Qe2 {[%clk 0:30:11]} Bg3
{[%clk 0:25:23]} 23. hxg3 {[%clk 0:23:25]} Rxg3 {[%clk 0:24:49]} 24. Bd4
{[%clk 0:22:36]} Qh4+ {[%clk 0:07:57]} 25. Kg1 {[%clk 0:22:59]} Qxd4+ 26. Rxd4
{[%clk 0:22:20]} Nxf3+ {[%clk 0:03:53]} 27. Kf2 {[%clk 0:18:20]} Nxd4
{[%clk 0:03:50]} 28. Kxg3 {[%clk 0:14:31]} Nxe2+ {[%clk 0:04:08]} 29. Bxe2
{[%clk 0:14:46]} Nf6 {[%clk 0:04:19]} 30. Bf3 {[%clk 0:14:51]} Rg8+
{[%clk 0:03:28]} 31. Kf2 {[%clk 0:14:09]} Ng4+ {[%clk 0:03:39]} 32. Ke2
{[%clk 0:14:12]} Bxf3+ {[%clk 0:03:19]} 33. gxf3 {[%clk 0:14:17]} Ne5
{[%clk 0:03:45]} 34. Ncb5 {[%clk 0:09:49]} Rg2+ {[%clk 0:03:37]} 35. Kf1
{[%clk 0:09:41]} Rd2 {[%clk 0:02:32]} 36. Rc3 {[%clk 0:09:21]} Nd3
{[%clk 0:02:09]} 37. Nxd6 {[%clk 0:04:43]} h5 {[%clk 0:01:00]} 38. Nf7+
{[%clk 0:05:05]} Kg7 {[%clk 0:01:26]} 39. Ng5 {[%clk 0:05:29]} Kf6
{[%clk 0:01:34]} 40. Nh3 {[%clk 0:04:51]} e5 {[%clk 0:01:35]} 41. c5
{[%clk 0:01:19]} bxc5 {[%clk 0:01:27]} 42. bxc5 {[%clk 0:01:38]} e4
{[%clk 0:01:46]} 43. fxe4 {[%clk 0:01:33]} fxe4 {[%clk 0:01:56]} 44. c6
{[%clk 0:43:57]} e3 {[%clk 0:49:43]} 45. Rxd3 {[%clk 0:35:58]} Rxd3
{[%clk 0:49:47]} 46. c7 {[%clk 0:36:11]} Rc3 {[%clk 0:50:15]} 47. c8=Q
{[%clk 0:36:16]} Rxc8 {[%clk 0:50:28]} 48. Nxc8 {[%clk 0:36:38]} Kf5
{[%clk 0:47:08]} 49. a4 {[%clk 0:34:35]} Kg4 {[%clk 0:47:24]} 50. Ng1
{[%clk 0:34:45]} 1-0

[Event "Hastings Masters"]
[Site "Horntye, Hastings"]
[Date "2017.12.29"]
[Round "2.24"]
[White "Rice, Chris B"]
[Black "Snape, Ian L"]
[Result "0-1"]
[BlackElo "2152"]
[WhiteElo "1969"]
[LiveChessVersion "1.4.8"]

1. d4 {[%clk 1:40:42]} c5 {[%clk 1:40:39]} 2. d5 {[%clk 1:40:19]} g6
{[%clk 1:41:05]} 3. Nc3 {[%clk 1:38:30]} d6 {[%clk 1:41:30]} 4. e4
{[%clk 1:38:00]} Bg7 {[%clk 1:41:56]} 5. Nf3 {[%clk 1:37:54]} Nf6
{[%clk 1:42:07]} 6. Be2 {[%clk 1:37:56]} O-O {[%clk 1:42:32]} 7. O-O
{[%clk 1:37:48]} Na6 {[%clk 1:40:41]} 8. a4 {[%clk 1:37:46]} Nc7 {[%clk 1:39:30]}
9. h3 {[%clk 1:37:57]} e6 {[%clk 1:39:44]} 10. dxe6 {[%clk 1:37:59]} Nxe6
{[%clk 1:39:32]} 11. Re1 {[%clk 1:18:43]} a6 {[%clk 1:28:19]} 12. Bc4
{[%clk 1:07:25]} h6 {[%clk 1:20:15]} 13. Nd5 {[%clk 0:49:57]} Nxd5
{[%clk 1:07:03]} 14. Bxd5 {[%clk 0:49:14]} Qc7 {[%clk 0:55:22]} 15. c3
{[%clk 0:46:47]} Bd7 {[%clk 0:54:13]} 16. Nd2 {[%clk 0:43:07]} Rad8
{[%clk 0:44:05]} 17. a5 {[%clk 0:40:14]} Nf4 {[%clk 0:43:52]} 18. Nc4
{[%clk 0:32:15]} Nxd5 {[%clk 0:43:45]} 19. exd5 {[%clk 0:32:30]} Bb5
{[%clk 0:43:13]} 20. Nb6 {[%clk 0:25:31]} Rfe8 {[%clk 0:40:52]} 21. Bf4
{[%clk 0:22:09]} Rxe1+ {[%clk 0:38:16]} 22. Qxe1 {[%clk 0:22:32]} Re8
{[%clk 0:38:32]} 23. Qd2 {[%clk 0:19:58]} g5 {[%clk 0:37:53]} 24. Be3
{[%clk 0:18:20]} f5 {[%clk 0:30:23]} 25. f3 {[%clk 0:18:08]} f4 {[%clk 0:29:14]}
26. Bf2 {[%clk 0:18:19]} Re2 {[%clk 0:29:01]} 27. Qc1 {[%clk 0:13:48]} Bd3
{[%clk 0:21:51]} 28. Ra4 {[%clk 0:06:01]} c4 {[%clk 0:19:10]} 29. Bd4
{[%clk 0:04:22]} Qe7 {[%clk 0:15:19]} 30. Ra1 {[%clk 0:04:23]} Bxd4+
{[%clk 0:14:56]} 31. cxd4 {[%clk 0:04:46]} Qf6 {[%clk 0:15:13]} 32. Qc3
{[%clk 0:03:28]} Rc2 {[%clk 0:15:16]} 33. Qb4 {[%clk 0:02:47]} Qxd4+
{[%clk 0:15:37]} 34. Kh2 {[%clk 0:03:12]} Qf2 {[%clk 0:13:41]} 35. Rg1
{[%clk 0:03:24]} Qg3+ {[%clk 0:13:51]} 36. Kh1 {[%clk 0:03:50]} Bf1
{[%clk 0:14:12]} 0-1

[Event "Hastings Masters"]
[Site "Horntye, Hastings"]
[Date "2017.12.29"]
[Round "2.25"]
[White "Ramstad, Havard"]
[Black "Stanisz, Patryk"]
[Result "0-1"]
[BlackElo "2150"]
[WhiteElo "1965"]
[LiveChessVersion "1.4.8"]

1. d4 {[%clk 1:40:54]} d5 {[%clk 1:40:50]} 2. c4 {[%clk 1:40:21]} c6
{[%clk 1:41:04]} 3. Nc3 {[%clk 1:40:45]} Nf6 {[%clk 1:41:30]} 4. Nf3
{[%clk 1:40:46]} e6 {[%clk 1:40:43]} 5. Bg5 {[%clk 1:40:26]} h6 {[%clk 1:41:12]}
6. Bxf6 {[%clk 1:39:57]} Qxf6 {[%clk 1:41:39]} 7. e3 {[%clk 1:38:45]} g6
{[%clk 1:38:08]} 8. Qd2 {[%clk 1:37:37]} Nd7 {[%clk 1:32:34]} 9. O-O-O
{[%clk 1:36:17]} dxc4 {[%clk 1:27:41]} 10. Bxc4 {[%clk 1:26:00]} Bg7
{[%clk 1:25:24]} 11. Ne5 {[%clk 1:20:18]} O-O {[%clk 1:18:22]} 12. f4
{[%clk 1:17:33]} Qe7 {[%clk 1:05:41]} 13. Kb1 {[%clk 1:11:36]} Nb6
{[%clk 1:05:15]} 14. Bd3 {[%clk 1:08:59]} c5 {[%clk 1:05:03]} 15. h4
{[%clk 1:03:23]} Rd8 {[%clk 0:53:02]} 16. dxc5 {[%clk 0:38:59]} Qxc5
{[%clk 0:31:12]} 17. Ne4 {[%clk 0:30:02]} Qe7 {[%clk 0:30:39]} 18. h5
{[%clk 0:25:37]} g5 {[%clk 0:30:03]} 19. Nxg5 {[%clk 0:08:03]} hxg5
{[%clk 0:24:58]} 20. Bh7+ {[%clk 0:08:13]} Kxh7 {[%clk 0:25:13]} 21. Qxd8
{[%clk 0:07:01]} Qxd8 {[%clk 0:25:15]} 22. Rxd8 {[%clk 0:07:27]} Bxe5
{[%clk 0:24:36]} 23. fxe5 {[%clk 0:05:39]} Bd7 {[%clk 0:24:46]} 24. Rxa8
{[%clk 0:05:45]} Nxa8 {[%clk 0:25:07]} 25. Rf1 {[%clk 0:05:32]} Be8
{[%clk 0:23:01]} 26. Kc2 {[%clk 0:04:22]} Nb6 {[%clk 0:23:13]} 27. Kc3
{[%clk 0:04:10]} g4 {[%clk 0:19:17]} 28. Kd4 {[%clk 0:04:21]} Kh6
{[%clk 0:19:35]} 29. b3 {[%clk 0:03:49]} Kxh5 {[%clk 0:19:11]} 30. g3
{[%clk 0:03:20]} Nd5 {[%clk 0:13:46]} 31. Rh1+ {[%clk 0:02:41]} Kg6
{[%clk 0:09:59]} 32. Rh8 {[%clk 0:03:00]} Bc6 {[%clk 0:09:53]} 33. Rg8+
{[%clk 0:03:20]} Kh6 {[%clk 0:10:22]} 34. Rxg4 {[%clk 0:03:21]} Ne7
{[%clk 0:10:49]} 35. e4 {[%clk 0:02:19]} Ng6 {[%clk 0:10:51]} 36. Ke3
{[%clk 0:01:36]} Kh5 {[%clk 0:10:46]} 37. Kf3 {[%clk 0:01:30]} Nxe5+
{[%clk 0:11:05]} 0-1